[Event "Madrid"]
[Site "Madrid"]
[Date "1992.??.??"]
[Round "2"]
[White "Epishin, Vladimir"]
[Black "Polgar, Zsuzsa"]
[Result "1-0"]
[WhiteElo "2620"]
[BlackElo "2530"]
[Annotator "Ftacnik,L"]
[PlyCount "89"]
[EventDate "1992.05.??"]
[EventType "tourn"]
[EventRounds "9"]
[EventCountry "ESP"]
[EventCategory "13"]
[SourceTitle "CBM 030"]
[Source "ChessBase"]
[SourceDate "1992.10.01"]
[SourceVersion "1"]
[SourceVersionDate "1992.10.01"]
[SourceQuality "1"]

1. d4 d5 2. c4 c6 3. Nc3 Nf6 4. e3 e6 5. Nf3 Nbd7 6. Qc2 Bd6 7. Be2 O-O 8. O-O
dxc4 9. Bxc4 a6 10. Rd1 b5 (10... Qc7 11. e4 e5 12. h3 b5 13. Be2 Bb7 14. dxe5
Nxe5 15. Bg5 Nxf3+ 16. Bxf3 Be5 17. Bxf6 gxf6 $10 {Browne,W-Renet,O/St.Maarten/
1991/}) 11. Be2 Qc7 12. e4 e5 13. g3 $5 (13. h3 Bb7) 13... Re8 14. a3 Bb7 (
14... exd4 15. Nxd4 c5 $2 16. Ndxb5 $1 axb5 17. Nxb5 $18) 15. Bg5 h6 $6 (15...
exd4 16. Nxd4 Be5 $5 $13) 16. dxe5 Bxe5 (16... Nxe5 17. Bxf6 gxf6 18. Qd2 $1
Rad8 19. Qxh6 $16) 17. Nxe5 hxg5 (17... Qxe5 18. Bf4 Qe6 19. f3 $14) 18. Nxd7
Nxd7 19. Qd2 Nf6 20. Qxg5 Nxe4 21. Nxe4 Rxe4 22. Bf3 Re5 (22... Qe5 23. Qd2 Rc4
24. Qd7 $16) 23. Rd7 $1 Qxd7 (23... Rxg5 24. Rxc7 Rb8 25. Re1 $18) 24. Qxe5 Re8
25. Qc3 Qf5 (25... c5 26. Rd1 Qc7 27. Bxb7 Qxb7 28. Qxc5 $16) 26. Rd1 a5 27.
Kg2 a4 28. h4 Ba8 29. Re1 $1 Rc8 (29... Rxe1 30. Qxe1 Qd7 31. Qe5 Bb7 32. h5
$16) 30. Re5 Qf6 31. Qe3 Kf8 32. h5 Rd8 33. g4 $1 Bb7 34. g5 Qd6 35. h6 g6 (
35... gxh6 36. gxh6 Qg6+ 37. Rg5 $140 Qxh6 38. Rg8+ $18) 36. Qc3 Qd4 37. Rc5
Qxc3 38. bxc3 Re8 (38... Rd6 39. Re5 Bc8 40. Re8+ $1 Kxe8 41. h7 $18) 39. c4
bxc4 40. Kg3 f6 (40... Ba6 41. Rxc6 Bb7 42. Rxc4 $18) 41. Rxc4 fxg5 42. Rxa4
Re1 (42... Kg8 43. Ra7 Rb8 44. a4 $18) 43. Ra7 Rg1+ 44. Kh2 Rb1 45. h7 {
Ftacnik,L} 1-0

[Event "Olympiad-43"]
[Site "Batumi"]
[Date "2018.09.26"]
[Round "3.3"]
[White "Beradze, Irakli"]
[Black "Kramnik, Vladimir"]
[Result "0-1"]
[WhiteElo "2495"]
[BlackElo "2779"]
[Annotator "Ganguly, Surya Sekhar "]
[PlyCount "58"]
[EventDate "2018.09.24"]
[EventType "team-swiss"]
[EventRounds "11"]
[EventCountry "GEO"]
[SourceTitle "CBM 187"]
[Source "ChessBase"]
[SourceDate "2018.12.11"]
[SourceVersion "1"]
[SourceVersionDate "2018.12.11"]
[SourceQuality "1"]
[WhiteTeam "Georgia II"]
[BlackTeam "Russia"]
[WhiteTeamCountry "GEO"]
[BlackTeamCountry "RUS"]

{The only top player missing from the show after the first two rounds was big
Vlad and now he finally decided to join in by playing a spectacular game.} 1.
d4 Nf6 2. Nf3 d5 3. c4 e6 4. Nc3 c6 5. e3 Nbd7 6. Qc2 Bd6 7. b3 {A very
well-known setup which is popular because of its solidity. Like most of the
closed openings there are great move order subtleties and it is well known how
Kramnik pays attention to the tiny detail of move orders in every opening.} O-O
8. Bb2 {If White can get Bb2-d3 setup without allowing e5 then that is ideal.
Normally Black is happy with b6-Bb7 setup but that is mainly when White has
committed his bishop to e2 and not d3.} (8. Be2 b6 {now this is fine as the
white bishop is placed on e2}) 8... Qe7 {A move order finesse. Black remains
flexible for both e5 and b6 plans and for now just waits to see where White
will develop his light-squared bishop to.} (8... b6 {would be a concession and
White gets his ideal setup without having to allow e5}) (8... e5 {is another
way to solve problems but this leads to a totally different kind of position.})
9. Bd3 (9. Be2 {is more popular} b6 {will get to the normal setup with Be2
lines}) 9... Re8 $1 {Now that the bishop is placed on d3 Black immediately
prepares e5. The main difference of having the bishop on d3 is that after e5
White will not have time to take on d5 as Black has the threat of e4.} 10. Ne2
$6 {Until now White was blitzing out his moves and now after 22 minutes of
thought he comes up with a desperate attempt to stop e5... which happens
anyway.} (10. O-O e5 {is the whole point of this move order. No time for cd5
and Black gets a comfortable position.}) (10. O-O-O {was played by Shirov once.
Here the game gets very wild but Black is generally doing totally fine.}) (10.
Rd1 $5 {So that after the mass exchange on e5 Black is not able to take with
queen as the h2-pawn isn't hanging anymore as compared to 10. 0-0. Here also
there are many ways for Black to proceed. h6 and dc4 are two of them.}) 10...
e5 11. dxe5 Nxe5 12. Nxe5 Bxe5 13. Bxe5 Qxe5 {Black has got a very comfortable
position out of the opening. Just some minute inaccuracies follow and Kramnik
shows the precise way to exploit the same.} 14. O-O $6 {Surprisingly this
'most' obvious move is a mistake!} (14. Rd1 {As 0-0 is met tactically it would
have been better to start with Rd1 first.} Qg5 15. O-O Bg4 {practically
Black's position is easier to play but he is not better yet as compared to the
game}) 14... Ng4 $1 {Kramnik doesn't miss his chance. The problem is there is
no concrete way to stop Black's threat without allowing him further activity.}
15. Nf4 {Here Black had two strong options and Kramnik chose the one which
will pose maximum practical problems.} (15. Bxh7+ {Gets three pawns for the
piece but Black's pieces are way too active.} Kh8 16. Ng3 g6 17. Bxg6 fxg6 18.
Qxg6 Rg8 {Now if White doesn't exchange queens then Black can generate a heavy
attack with his pieces on the kingside.} 19. Qh5+ Qxh5 20. Nxh5 dxc4 21. bxc4
Ne5 $17) (15. Ng3 h5 $1 {White doesn't get any time to consolidate} 16. Rfe1 h4
17. Nf1 h3 $36) 15... g5 (15... d4 $5 16. h3 dxe3 17. Bxh7+ Kh8 18. hxg4 Qxf4
19. Bf5 (19. Bd3 Bxg4 $17) 19... e2 20. Rfe1 Bxf5 21. Qxf5 Qd4 22. Rac1 (22.
Qxf7 Qxg4 $19) 22... Kg8 23. Rc2 Re5 24. Qf3 Rae8 25. g5 {Black keeps up the
pressure but its still a long way before the game is won.}) 16. h3 (16. Bxh7+
Kh8 17. h3 Nf6 $19) 16... gxf4 17. exf4 Qxf4 18. hxg4 Bxg4 19. Rfe1 (19. cxd5
cxd5 20. Qc1 Qf6 {Black remains a healthy pawn up.}) 19... h5 (19... d4 $1 $19
{This looked more precise.}) 20. cxd5 cxd5 21. Qc5 Re5 $1 22. Qc3 $6 (22. Rxe5
Qxe5 23. Rf1 Kg7 {Not a good position as White. Things get even worse when one
is playing against Kramnik.}) 22... Rg5 $1 {Suddenly once again the white king
comes into danger. Black is a pawn up and he is attacking too.} 23. Bf1 d4 24.
Qc1 Qf6 {Now that Black's attack is strong it makes sense to avoid the
exchange of queens.} 25. Re4 d3 $1 26. Qe3 (26. Bxd3 Bf3) 26... Rd5 27. Rb1 d2
28. Qg3 Qg6 29. Bd3 Bf5 {A very clean game by Kramnik.} 0-1

[Event "Dos Hermanas"]
[Site "Dos Hermanas"]
[Date "1997.04.11"]
[Round "9"]
[White "Karpov, Anatoly"]
[Black "Gelfand, Boris"]
[Result "1/2-1/2"]
[WhiteElo "2760"]
[BlackElo "2700"]
[Annotator "Gelfand,B"]
[PlyCount "126"]
[EventDate "1997.04.01"]
[EventType "tourn"]
[EventRounds "9"]
[EventCountry "ESP"]
[EventCategory "19"]
[SourceTitle "CBM 059"]
[Source "ChessBase"]
[SourceDate "1997.08.01"]
[SourceVersion "1"]
[SourceVersionDate "1997.08.01"]
[SourceQuality "1"]

1. d4 {Hecht Lutz} d5 2. c4 c6 3. Nc3 Nf6 4. e3 e6 5. Nf3 Nbd7 6. Qc2 Bd6 7.
Bd3 O-O 8. O-O dxc4 9. Bxc4 b5 10. Be2 Bb7 11. Bd2 (11. Rd1 $142 {Lutz}) 11...
Rc8 $146 (11... a6 $5 {-49/496}) (11... Qb8 $5 {Lutz} 12. a4 Rc8 13. Rfc1 a6
14. h3 Be7 $13 {0-1 Bagirov,V-Knaak,R/Jyvaskyla op 1994 (75)}) (11... a6 $5 {
Lutz} 12. e4 e5 13. dxe5 Nxe5 14. Nxe5 Bxe5 15. f4 Bd4+ 16. Kh1 b4 17. Nd1 Qb6
$13 {0-1 Douven,R-Piket,J/NLD-ch 1990 (41)}) 12. Rfd1 (12. a3 $5 a5 13. Rfd1
$14) (12. e4 e5 (12... b4 {Lutz} 13. Na4 c5) 13. dxe5 Nxe5 14. Nxe5 Bxe5 15. f4
Bd4+ 16. Kh1 b4 17. Na4 c5) 12... b4 13. Ne4 (13. Na4 $5 {Lutz}) 13... Nxe4 14.
Qxe4 Qe7 {/\ ...Nf6, ...c5} 15. a3 (15. Qh4 $5 Rfd8 16. Qxe7 Bxe7 17. a3 bxa3
18. b4 a5 19. bxa5 Ra8 20. Rdb1 Ba6 21. Kf1) (15. Rac1 Nf6 16. Qh4 c5 {><Bd2}
17. dxc5 Rxc5) (15. Bd3 $5 f5 16. Qh4) 15... bxa3 16. bxa3 $6 (16. b4 $5 Nf6 (
16... Rb8 17. Rxa3 c5 18. Qc2 (18. Qb1) 18... cxb4 19. Rxa7 $13) 17. Qb1 a5 18.
bxa5 Ra8 $13) 16... Nf6 (16... Bxa3 $6 {Lutz} 17. Qd3) 17. Qh4 c5 $11 (17...
Bxa3 $6 {Lutz} 18. Ne5 $36 {/\ Nc4, /\ Rfb1}) 18. dxc5 Bxc5 (18... Rxc5 19. Bb4
Rd5 20. Bxd6 Qxd6 21. Qb4 $14) 19. Bb4 a5 (19... Be4 20. Nd2 Bg6 21. Rdc1 $14)
20. Bxa5 Bxa3 {Die Stellung ist natürlich völlig ausgeglichen. Um so
erstaunlicher, daß Karpow in der Folge ernsthafte Probleme bekommt.} 21. Bd3
Bc5 22. Ne5 (22. Bc3 Ne4) 22... h6 23. h3 Ra8 24. Bc3 Ne4 25. Qxe7 Bxe7 26. Bd4
Bh4 27. g3 (27. Bxe4 $11) 27... Bf6 28. h4 $6 (28. Nd7 Bxd4 29. exd4 Rxa1 30.
Rxa1 Rd8 $11) 28... Rxa1 29. Bxa1 (29. Rxa1 Nd2) 29... Ra8 30. Bd4 Ra2 31. Ra1
Rd2 32. Bxe4 Bxe4 33. Nc4 Rc2 34. Na3 Rc6 35. Bxf6 gxf6 {[#] Hecht Springer im
Niemandsland, geschwächte weiße K-Position. Weiße Vorwärtsverteidigung durch
K-Aktivierung nach Bauernopfer. Mattangriff gegen Freibauern. Taktik} 36. Nb5
$6 (36. Kf1 $11) 36... e5 37. Na7 $2 Rc5 38. Kh2 (38. g4 Bf3 39. Kh2 Rc4 40.
Kg3 Bxg4 $17) (38. Kf1 $5 Bf3 39. Ke1 Kg7 40. Kd2) 38... h5 39. g4 hxg4 40. Kg3
f5 41. h5 Kh7 (41... Kg7 $5 42. Ra6 (42. Rd1 Bd5 43. Rb1) 42... f6) 42. Ra6 Rc1
43. Kh4 Rf1 (43... Rh1+ 44. Kg5 Bf3 $3 45. Kf6 (45. Rf6 g3) (45. Rd6 Rxh5+ 46.
Kf6 (46. Kxh5 g3+) 46... f4 47. exf4 exf4 $19) 45... f4 46. exf4 exf4 47. Ra3
g3 (47... Rf1 $5) 48. fxg3 fxg3 49. Rxf3 g2 50. Rg3 Rf1+ 51. Ke7 g1=Q 52. Rxg1
Rxg1 53. Nc6 f5 $19) 44. Rf6 Rxf2 45. Nc8 $1 Bd5 $2 (45... Kg7 46. Kg5 g3 47.
h6+ Kf8 48. Rd6 (48. Nd6 Ke7) 48... Ke8 49. Rd1 (49. h7 Rh2) 49... Bc2 (49...
Rh2 50. Nd6+ Kf8 51. Rg1 g2 52. Nxe4 fxe4 53. Kf5 $11) 50. h7 (50. Rg1 f4)
50... Rh2 51. Nd6+ (51. Rd2 g2 $19) 51... Kd7 (51... Kf8 52. Rg1) 52. Rd2 g2
53. Nxf5+ Ke8 54. h8=R+ Rxh8 55. Ng7+ Ke7 56. Rxg2 f6+ 57. Kg4 Be4 $19) (45...
Rh2+ 46. Kg5 g3 47. Rxf7+ Kg8 48. Kf6 $18) 46. Nd6 Rh2+ 47. Kg5 g3 48. Nxf5 {
[#] Hecht Was für ein Unterschied zur position vor etwa 10 Zügen, als alle
weißen Figuren im Niemandsland verstreut ihr kümmerliches dasein fristeten.
Karpov hat es verstanden, seine Figuren zu höchster Aktivität
zusammenzuschweißen. Alle Achtung!} Be6 (48... g2 49. Rh6+ Kg8 50. Kf6 $18 (50.
Kf6 {Hecht} g1=Q 51. Ne7+ Kf8 52. Rh8+ $18)) (48... Rxh5+ 49. Kxh5 g2 50. Rh6+
Kg8 51. Ne7+ Kf8 52. Nf5 f6 53. Rh8+ (53. Rh8+ Kf7 54. Rh7+ Ke6 55. Ng7+ $11)
53... Bg8 54. Nh6 $11) 49. Nxg3 Rg2 50. Kh4 Rh2+ 51. Kg5 Rg2 52. Kh4 Kg7 53.
Rf1 (53. Rf3 $11) 53... Rh2+ 54. Kg5 Rg2 55. Kh4 f6 56. Nf5+ Kh7 57. e4 Bd7 (
57... Re2 58. Nd6 Re3 59. Rxf6 Rh3+ 60. Kg5 Rg3+ 61. Kh4 Rg4+ 62. Kh3 Rg6+ 63.
Rxe6 Rxe6 64. Nf5 $11) 58. h6 (58. Rf3 Rh2+ 59. Kg3 (59. Kg4 Re2 60. Kg3 Rxe4
61. Ne7 Rg4+ 62. Kf2 $11) 59... Rxh5 60. Ne3 $11) 58... Re2 (58... Rg5 59. Ne7
$11) 59. Nd6 Kg6 60. Kg3 Re3+ 61. Rf3 Re1 62. Kg2 Rd1 63. h7 Kxh7 1/2-1/2

[Event "Linares 11th"]
[Site "Linares"]
[Date "1993.??.??"]
[Round "10"]
[White "Gelfand, Boris"]
[Black "Ljubojevic, Ljubomir"]
[Result "1-0"]
[WhiteElo "2690"]
[BlackElo "2605"]
[Annotator "Gelfand,B"]
[PlyCount "85"]
[EventDate "1993.02.??"]
[EventType "tourn"]
[EventRounds "13"]
[EventCountry "ESP"]
[EventCategory "18"]
[SourceTitle "CBM 034"]
[Source "ChessBase"]
[SourceDate "1993.06.01"]
[SourceVersion "1"]
[SourceVersionDate "1993.06.01"]
[SourceQuality "1"]

1. d4 d5 2. c4 c6 3. Nf3 Nf6 4. Nc3 e6 5. e3 Nbd7 6. Bd3 Be7 7. O-O O-O 8. Qe2
b6 9. e4 dxe4 10. Nxe4 c5 $146 (10... Bb7 11. Rd1 Qc7 12. Bg5 Rfe8 13. c5 bxc5
14. dxc5 h6 (14... Nxc5 15. Nxc5 Bxc5 16. Bxf6 gxf6 17. Bxh7+ Kxh7 18. Qc2+ $16
) 15. Bh4 Nxe4 (15... Nxc5 16. Nxf6+ gxf6 17. Bc4 $44) 16. Qxe4 Nf6 17. Bxf6
Bxf6 18. Qh7+ Kf8 19. Nd2 $1 $16 {Gelfand,B-Serper/Vilnius/1988/}) 11. Nxf6+
Nxf6 12. Rd1 $1 (12. dxc5 bxc5 $10) 12... cxd4 (12... Qc7 $5 $14 {/^ h2-b8})
13. Bf4 $1 Bc5 $2 (13... Bb7 $142 14. Nxd4 (14. Be5 Bxf3 $1 15. Qxf3 Bc5) 14...
Qe8 $1 $14 (14... Qc8 15. Nf5 $16)) 14. Be5 Bb7 15. Nxd4 Nd7 16. Nb3 $1 (16.
Bxh7+ $2 Kxh7 17. Qh5+ Kg8 18. Bxg7 Kxg7 19. Qg4+ (19. Rd3 Rg8 $17) 19... Kf6
20. Qh4+ Kg6 $19) 16... Qg5 (16... Be7 17. Bxh7+ Kxh7 18. Qd3+ $16) 17. Bg3
Rad8 18. Nxc5 Nxc5 19. Bc2 $16 {^^} f5 $5 (19... h6 20. Rxd8 Rxd8 21. Rd1 $16)
20. f3 f4 21. Bf2 e5 (21... a5 22. a3 $1 a4 23. Rxd8 Rxd8 24. Rd1 Re8 25. Rd6
e5 26. Bxc5 $18) 22. b4 $1 Nd7 (22... e4 23. bxc5 exf3 24. Qe6+ Kh8 25. Qh3 $18
) (22... Ne6 23. c5 Nd4 24. Bxd4 exd4 25. c6 $1 $18) 23. c5 bxc5 24. bxc5 Kh8 (
24... Nf6 25. c6 $18) 25. h4 $1 $18 Qh5 (25... Qe7 26. Qb5 Nb8 27. Rxd8 Rxd8
28. Rb1 Rd7 29. Be4 $18) 26. Qb5 Bxf3 (26... Bc8 27. c6 Nf6 28. Rxd8 Rxd8 29.
c7 $18) 27. gxf3 Qxf3 28. Qd3 Qg4+ 29. Kh2 e4 30. Qxe4 Nf6 31. Qg2 Qe2 32. Rxd8
Rxd8 33. Rg1 g6 34. Be1 $1 Qc4 (34... Qe3 35. Rf1 $18) 35. Rf1 Re8 36. Bb3 Qxc5
37. Qb2 Kg7 (37... Re5 38. Rxf4 Qe7 39. Rxf6 $1 Qxf6 (39... Re2+ 40. Rf2+ Rxb2
41. Bc3+) 40. Bg3 Rf5 41. Qxf6+ Rxf6 42. Be5 $18) 38. Bc3 f3 39. Bxf6+ Kh6 40.
Qd2+ Kh5 41. Qd5+ Qxd5 42. Bxd5 Re2+ 43. Kg3 1-0